鉄道駅がある市町村-サドンデス-西日本ver - Statistics

General Stats
  • This quiz has been taken 12 times
  • The average score is 7 of 15
Answers on the Grid
Answers color-coded by a green-red scale on the quiz's grid according to % correct below.
岡山県西粟倉村
長崎県時津町
熊本県高森町
福井県勝山市
愛媛県鬼北町
福岡県吉富町
兵庫県宍粟市
徳島県県松茂町
熊本県菊池市
兵庫県神河町
徳島県那珂町
熊本県錦町
長崎県南島原市
熊本県水上村
長崎県西海市
福岡県赤村
熊本県山都町
高知県宿毛市
大分県九重町
和歌山県紀美野町
京都府南山城村
滋賀県竜王町
広島県安芸高田市
大分県豊後高田市
鹿児島県鹿屋市
宮崎県西都市
広島県世羅町
兵庫県猪名川町
福岡県宮若市
熊本県山鹿市
 
Answer Stats
Answer % Correct
福井県勝山市
73%
高知県宿毛市
73%
岡山県西粟倉村
64%
熊本県高森町
64%
広島県安芸高田市
64%
愛媛県鬼北町
45%
福岡県吉富町
45%
福岡県赤村
45%
兵庫県猪名川町
45%
兵庫県神河町
36%
熊本県錦町
36%
熊本県水上村
36%
広島県世羅町
36%
京都府南山城村
18%
大分県九重町
9%
No matching quizzes found
Score Distribution
Percent of People with Each Score
Percentile by Number Answered
Your Score History
You have not taken this quiz